000 00248nam a2200109Ia 4500
008 190914s9999||||xx |||||||||||||| ||und||
100 _aKanetkar Yashavat
245 0 _aLet US C + +
260 _aIndia
_bPearson
_c2001
300 _a630
942 _cBK
999 _c8889
_d8889